000 01044nam a2200349Ia 4500
003 OSt
005 20220912145036.0
006 a|||||r|||| 00| 0
007 ta
008 220909b |||||||| |||| 00| 0 eng d
020 _a9788181282361 (pbk)
024 _a83890
037 _b004, 23/07/2009, Aviva Books Company
037 _cTextbook
040 _aCSL
_beng
_cCSL
041 _aeng
082 _aB37, N4 TB
100 _aBerberian Sterling K
245 0 _aFirst course in real analysis
260 _aNew York
_bSpringer
_c1994
300 _axi, 237p.
_ccm.
490 _aUndergraduate texts in mathematics
500 _a''Appendix 220-230p''.; ''Index 231-237p''.
650 _a Bounded sequences
650 _a First properties of R
650 _a Real numbers
650 _a The field axioms
650 _aMathematics
942 _hB37, N4 TB
_cTB
_2CC
999 _c21627
_d21627